| 000 | 00541nam a22001937a 4500 | ||
|---|---|---|---|
| 005 | 20250818141442.0 | ||
| 008 | 160928b2000 xxu||||| |||| 00| 0 spa d | ||
| 041 | _aESP | ||
| 082 | _a333.95 E82es | ||
| 245 | _aEstrategia Nacional de Conservación y Uso Sostenible de la Biodiversidad | ||
| 260 |
_aCosta Rica _bINBIO _c2000 |
||
| 300 | _a82 pƔginas | ||
| 490 | _aTurismo | ||
| 650 | _aCONSERVACION DE LOS RECURSOS NATURALES | ||
| 650 | _aBIODIVERSIDAD | ||
| 650 | _aDESARROLLO SOSTENIBLE | ||
| 650 | _aCOSTA RICA | ||
| 942 |
_cBK _2ddc |
||
| 999 |
_c8434 _d8434 |
||